000 00741nam a2200253Ia 4500
003 OSt
005 20221005021953.0
006 a|||||r|||| 00| 0
007 ta
008 221004b |||||||| |||| 00| 0 eng d
020 _c100
024 _a121672
037 _b052, 30/03/2012, Sindhi Academy, Delhi
_cTextual
040 _aCRL
_cCRL
_beng
041 _2eng
_aeng
082 _aO1593,3N34x, P8
100 _aKabra Kishore
_9434952
245 0 _aFudo fudo koudo sachu
260 _aAhmedabad
_bStage Publication Title
_c2008
300 _a80p.
_ccm.
650 _aSINDHI LITERATURE
942 _hO1593,3N34x, P8
_cTEXL
_2cc
999 _c928460
_d928460